00385nam a2200145Ia 4500008004100000020001500041041001200056082001600068100001900084245006200103260003700165300000800202650001400210700001500224221030s9999 xx 000 0 und d a8178083477 aEnglish a105.23bHop aJ. E. Hopcroft 0aIntroduction to Automata Theory, Languages & Computation bPearson EducationaDelhic2004 a521 aComputers aR. Matwani